| 000 | 00521nam a2200157Ia 4500 | ||
|---|---|---|---|
| 008 | 090124s9999 xx 000 0 und d | ||
| 082 | _b34357 | ||
| 245 | _a दुरितांचे तिमिर जावो | ||
| 250 | _a1 | ||
| 260 |
_bअशोक सावंत _c1994 |
||
| 300 | _a106 | ||
| 630 | _a दुरितांचे तिमिर जावो | ||
| 700 | _aनि:स्वार्थानंद | ||
| 730 | _a दुरितांचे तिमिर जावो | ||
| 942 | _cBOOK | ||
| 999 |
_c100302 _d100302 |
||